Modern-Day Countries of the Danzig Empire - Statistics

General Stats
  • This quiz has been taken 129 times
  • The average score is 17 of 19
Answer Stats
% Country % Correct
100 Poland
100%
45 Germany
98%
100 Lithuania
96%
65 Latvia
94%
3 Russia
94%
30 Ukraine
91%
95 Austria
89%
100 Belarus
89%
100 Czech Republic
89%
100 Slovakia
89%
30 Denmark
88%
65 Romania
85%
100 Hungary
84%
5 Sweden
84%
100 Slovenia
82%
45 Croatia
78%
10 Italy
76%
33 Moldova
76%
5 Serbia
75%
No matching quizzes found
Score Distribution
Percent of People with Each Score
Percentile by Number Answered
Your Score History
You have not taken this quiz